MLB Baseball Triple Crown - Statistics

General Stats
  • This quiz has been taken 11,936 times
    7,706 since last reset
  • The average score is 13 of 35
Answer Stats
Years Player % Correct
2012 Miguel Cabrera
77%
1956 Mickey Mantle
71%
1942, 1947 Ted Williams
71%
2002 Randy Johnson
67%
1913, 1918, 1924 Walter Johnson
67%
1934 Lou Gehrig
65%
1909 Ty Cobb
63%
2011 Justin Verlander
61%
2011 Clayton Kershaw
59%
1997, 1998 Roger Clemens
56%
1963, 1965, 1966 Sandy Koufax
52%
1999 Pedro Martinez
51%
1967 Carl Yastrzemski
50%
1901 Cy Young
48%
2024 Tarik Skubal
43%
1966 Frank Robinson
40%
1933 Jimmie Foxx
36%
1905, 1908 Christy Mathewson
31%
1922, 1925 Rogers Hornsby
31%
1985 Dwight Gooden
28%
1972 Steve Carlton
27%
1940 Bob Feller
24%
2006 Johan Santana
23%
1930, 1931 Lefty Grove
21%
1901 Nap Lajoie
19%
1916 Grover Alexander
17%
1945 Hal Newhouser
13%
2007 Jake Peavy
12%
1937 Joe Medwick
12%
1934, 1937 Lefty Gomez
11%
1933 Chuck Klein
10%
1905 Rube Waddell
9%
1924 Dazzy Vance
8%
1939 Bucky Walters
6%
1918 Hippo Vaughn
6%
No matching quizzes found
Score Distribution
Percent of People with Each Score
Percentile by Number Answered
Your Score History
You have not taken this quiz since the last reset